<?xml version="1.0" encoding="UTF-8"?>
<record
    xmlns:xsi="http://www.w3.org/2001/XMLSchema-instance"
    xsi:schemaLocation="http://www.loc.gov/MARC21/slim http://www.loc.gov/standards/marcxml/schema/MARC21slim.xsd"
    xmlns="http://www.loc.gov/MARC21/slim">

  <leader>01541nab a2200229uuc4500</leader>
  <controlfield tag="001">1322009</controlfield>
  <controlfield tag="005">20250312092826.0</controlfield>
  <controlfield tag="008">130405m01uu2012                    spa  </controlfield>
  <datafield tag="035" ind1=" " ind2=" ">
    <subfield code="a">1322009</subfield>
  </datafield>
  <datafield tag="040" ind1=" " ind2=" ">
    <subfield code="c">comduadb</subfield>
  </datafield>
  <datafield tag="041" ind1=" " ind2=" ">
    <subfield code="a">spa</subfield>
  </datafield>
  <datafield tag="100" ind1="1" ind2="0">
    <subfield code="a">Pe&#xF1;a Ballesteros, Dar&#xED;o Yesid</subfield>
    <subfield code="4">aut</subfield>
    <subfield code="e">aut</subfield>
    <subfield code="9">403117</subfield>
  </datafield>
  <datafield tag="245" ind1="1" ind2="0">
    <subfield code="a">Evaluaci&#xF3;n de la corrosi&#xF3;n de un duraluminio en mezclas de gasolina y bioetanol</subfield>
  </datafield>
  <datafield tag="520" ind1="3" ind2=" ">
    <subfield code="a">Actualmente, diversos pa&#xED;ses utilizan el etanol como combustible de automoci&#xF3;n. Sin embargo, este biocombustible resulta nocivo para las piezas met&#xE1;licas del sistema de combustible de un automotor. En el presente trabajo se determin&#xF3; la velocidad de corrosi&#xF3;n del duraluminio, material usado para fabricar pistones de motores, en mezclas de bioetanol gasolina con concentraciones del 5% al 20%, mediante espectroscopia de impedancia electroqu&#xED;mica (EIE), polarizaci&#xF3;n tafel y gravimetr&#xED;a. Se demostr&#xF3; que el proceso de corrosi&#xF3;n fue de control mixto con tendencia a la corrosi&#xF3;n localizada. En general, se observ&#xF3; que la velocidad de corrosi&#xF3;n del duraluminio disminuye con el tiempo de exposici&#xF3;n.</subfield>
  </datafield>
  <datafield tag="650" ind1=" " ind2=" ">
    <subfield code="a">Impedancia electroqu&#xED;mica</subfield>
    <subfield code="9">107035</subfield>
  </datafield>
  <datafield tag="650" ind1=" " ind2=" ">
    <subfield code="a">Gases de combusti&#xF3;n</subfield>
    <subfield code="9">49757</subfield>
  </datafield>
  <datafield tag="650" ind1=" " ind2="7">
    <subfield code="a">Corrosi&#xF3;n y anticorrosivos</subfield>
    <subfield code="2">lemb</subfield>
    <subfield code="9">4868</subfield>
  </datafield>
  <datafield tag="700" ind1="1" ind2="0">
    <subfield code="a">Estupi&#xF1;&#xE1;n Dur&#xE1;n, Hugo Armando</subfield>
    <subfield code="4">aut</subfield>
    <subfield code="e">aut</subfield>
    <subfield code="9">590818</subfield>
  </datafield>
  <datafield tag="700" ind1="1" ind2="0">
    <subfield code="a">V&#xE1;squez Quintero, Custodio</subfield>
    <subfield code="4">aut</subfield>
    <subfield code="e">aut</subfield>
    <subfield code="9">591381</subfield>
  </datafield>
  <datafield tag="773" ind1="0" ind2=" ">
    <subfield code="t">Ingenier&#xED;a y Universidad (Bogot&#xE1;)</subfield>
    <subfield code="g">Vol. 16, No. 01, Ene.-Jun. 2012, 9-25</subfield>
    <subfield code="w">584087</subfield>
    <subfield code="x">0123-2126</subfield>
    <subfield code="0">144261</subfield>
  </datafield>
  <datafield tag="942" ind1=" " ind2=" ">
    <subfield code="c">ARIMP</subfield>
  </datafield>
  <datafield tag="999" ind1=" " ind2=" ">
    <subfield code="c">642229</subfield>
    <subfield code="d">642229</subfield>
  </datafield>
</record>
